000
00290nam a2200109Ia 4500
008
220216s9999 xx 000 0 und d
245
0
_a
Kultevat and keygene work on dandelion rubber
260
_b
The Rubber International
_c
2013
300
_a
46-47
650
_a
Dandelio rubber
942
_c
JS
999
_c
61894
_d
61894